Sports Quiz

Random Sports or Clickable Quiz

Euro 2012 No. 10 shirts Quiz Stats

 Plays Quiz not verified by Sporcle

Score 0/16 Timer 02:00
0 Plays Today
% Correct
England
100%
Spain
100%
Netherlands
100%
Greece
98.8%
Ireland
98.8%
Sweden
98.8%
Italy
98.8%
Russia
97.6%
% Correct
Croatia
96.3%
France
96.3%
Germany
96.3%
Portugal
95.1%
Ukraine
93.9%
Czech Republic
93.9%
Denmark
93.9%
Poland
84.1%

You're not logged in!

Compare scores with friends on all Sporcle quizzes.
OR
Log In

You Might Also Like...

Show Comments

Extras

Top Quizzes Today


Score Distribution

Your Account Isn't Verified!

In order to create a playlist on Sporcle, you need to verify the email address you used during registration. Go to your Sporcle Settings to finish the process.

Report this User

Report this user for behavior that violates our Community Guidelines.

Details: